00405 2200145 4500001002100000005001500021008004100036035001900077041000700096082001000103090001600113100001400129245010700143260000900250INLIS00000000000139120220725120125220725||||||||| | ||| |||| || |  0010-0722001391 aid0 a632.4 a632.4 Her p0 aHERIYANTO00aPetunjuk Praktikum POPT Bagian Penyanit 1. Materi:Pengenalan penyakit tanaman yang disebabkan Cendawan c2010